000 01030cad a22002055a 4500
001 L154954
008 120209s20120201xxk f 000 0 eng d
035 _a(Sirsi) u154954
041 0 _aeng
110 2 _aNationwide Building Society
_91019
245 0 0 _aNationwide house price index
_bJanuary 2012
_h[electronic resource]
260 _c2011
490 0 _aNationwide House Price Index
_vJanuary 2012
520 _aUnited Kingdom house prices fell by 0.2% in January 2012 and increased by 0.6% on a year on year basis. The demand/supply balance may move further in favour of buyers in the first half 2012. The economy is not expected to gather much momentum until the second half of 2012 at the earliest, which suggests that labour market conditions and buyer sentiment may be slow to improve.
590 _aKA
651 4 _aUnited Kingdom
_y
690 _aResidential property
_96266
856 4 0 _uhttps://www.nationwide.co.uk/hpi/historical/Jan_2012.pdf
_zView this item free of charge at www.nationwide.co.uk
942 _n0
999 _c113258
_d113258